Aisne - mort subite - Statistiques

Statistiques générales
  • Ce quiz a été pris 33 fois
  • Le résultat moyen est 11 sur 18
Answers on the Grid
Answers color-coded by a green-red scale on the quiz's grid according to % correct below.
Rennes
Une frontière avec la Belgique
Laon
Bordeaux
Bourges
Château-Thierry
Saint-Quentin
Poitiers
Villers-Cotterêts
Le champ de bataille de la Marne
Mulhouse
Le Chemin des Dames
Tergnier
Ruiru
Le lieu de naissance de La Fontaine
Bar-le-Duc
Maubeuge
Le Lac de l'Ailette
Montauban
L'Ourcq
Le lieu de naissance de Racine
Sedan
Source de la Somme
Laibin
La première capitale du royaume des Francs
Verviers
Compiègne
Soissons
Le champ de bataille de Craonne
Saguenay
Ibagué
Le lieu de naissance de Dumas
La Brie pouilleuse
Lacombe
Moundou
Troyes
 
Statistiques - réponses
Réponse % Correct
Laon
96%
Saint-Quentin
82%
Le Chemin des Dames
79%
Château-Thierry
75%
Château-Thierry Le lieu de naissance de La Fontaine
71%
Soissons
71%
Villers-Cotterêts
71%
Soissons La première capitale du royaume des Francs
61%
Fonsomme Source de la Somme
61%
Tergnier
61%
Une frontière avec la Belgique
57%
Le Lac de l'Ailette
54%
1814 Le champ de bataille de Craonne
50%
Le champ de bataille de la Marne
46%
La Ferté-Milon Le lieu de naissance de Racine
46%
Villers-Cotterêts Le lieu de naissance de Dumas
43%
Région historique La Brie pouilleuse
36%
L'Ourcq
36%
Aucun quiz correspondant
Distribution des résultats
% des personnes avec chaque résultat
Percentile par nombre de réponses
Votre historique - résultats
Vous n’avez pas pris ce quiz